Şerefü'l-insân : (Record no. 66365)
| 000 -BAŞLIK | |
|---|---|
| Sabit Uzunluktaki Kontrol Alanı | 02330nam a22004817a 4500 |
| 001 - KONTROL NUMARASI | |
| Control Dosyası | 0065982 |
| 003 - KONTROL NUMARASI KİMLİĞİ | |
| Kontrol Alanı | KOHA_MİRAKIL |
| 005 - EN SON İŞLEM TARİHİ ve ZAMANI | |
| Kontrol Alanı | 20260207004623.0 |
| 007 - FİZİKSEL TANIM SABİT ALAN - GENEL BİLGİ | |
| Sabit uzunluklu kontrol alanı | ta |
| 008 - SABİT UZUNLUKTAKİ VERİ ÖGELERİ - GENEL BİLGİ | |
| Sabit Alan | 210304b2011 tu |||gr||||#0|||1|tur | |
| 040 ## - KATALOGLAMA KAYNAĞI | |
| Özgün Kataloglama Kurumu | TR-BiSEU |
| Kataloglama Dili | tur |
| Çeviri Kurumu | TR-BiSEU |
| Açıklama Kuralları | rda |
| 041 0# - DİL KODU | |
| Metin ya da ses kaydının dil kodu | tur |
| 044 ## - YAYINLAYAN/ÜRETEN KURULUŞUN ÜLKE KODU | |
| ISO country code | tu |
| 050 ## - SINIFLAMA ve YER NUMARASI | |
| Sınıflama Numarası | PL248.L35 |
| Yer Numarası | S47 2011 |
| 100 0# - KİŞİ ADI | |
| Yazar Adı (Kişi adı) | Lâmiî Çelebi. |
| 240 10 - TEK BİÇİM BAŞLIK | |
| Tekbiçim Başlık | <a href="Şerefül-insân : the debate on creation between man and animals before the sultan">Şerefül-insân : the debate on creation between man and animals before the sultan</a> |
| Language of a work | Türkçe |
| 245 1# - ESER ADI BİLDİRİMİ | |
| Başlık | Şerefü'l-insân : |
| Alt Eseradı vb. | insan ve hayvanların yaratılış konusunda sultan huzurunda tartışmaları = |
| -- | Şerefül-insân : |
| -- | the debate on creation between man and animals before the sultan/ |
| Sorumluluk Bildirimi | Lâmiî Çelebi ; Lâmiî Çelebi ; Edited by Cemal Kafadar, Gönül Alpay Tekin; Hazırlayan Sadettin Eğri. |
| 264 #1 - ÜRERİM, YAYIN, DAĞITIM ve TELİF BİLDİRİMİ | |
| Yayın yeri | [Cambridge] : |
| Yayınlayan | Harvard Üniversitesi Yakındoğu Dilleri ve Medeniyetleri Bölümü |
| Yayın tarihi | 2011 |
| 300 ## - FİZİKSEL TANIMLAMA | |
| Sayfa, Cilt vb. | 2 cilt: tıpkıbasım ; |
| Boyutları | 28 cm. |
| 336 ## - İÇERİK TÜRÜ | |
| Content type term | metin |
| Content type code | txt |
| Source | rdacontent |
| 337 ## - MEDYA TÜRÜ | |
| Media type term | aracısız |
| Media type code | n |
| Source | rdamedia |
| 338 ## - TAŞIYICI TÜRÜ | |
| Carrier type term | cilt |
| Carrier type code | nc |
| Source | rdacarrier |
| 490 1# - DİZİ BİLDİRİMİ | |
| Dizi Bildirimi | Doğu dilleri ve edebiyatlarının kaynakları ; |
| Cilt Numarası | 101-102. |
| 490 1# - DİZİ BİLDİRİMİ | |
| Dizi Bildirimi | Türkçe kaynakları ; |
| Cilt Numarası | 91-92 = |
| Dizi Bildirimi | Sources of Oriental languages and literatures ; |
| Cilt Numarası | 101-102. |
| 490 1# - DİZİ BİLDİRİMİ | |
| Dizi Bildirimi | Turkish sources ; |
| Cilt Numarası | 91-92 |
| 500 ## - GENEL NOT | |
| Genel Not | v. 1. Giriş, inceleme, tıpkıbasım = Introduction, analysis, facsimile |
| 500 ## - GENEL NOT | |
| Genel Not | v. 2. Tenkitli metin = Transcription. |
| 500 ## - GENEL NOT | |
| Genel Not | Kaynakça ve dizin var. |
| 650 #0 - KONU BAŞLIĞI EK GİRİŞ - KONU TERİMİ | |
| Konusal terim veya coğrafi ad | Türk şiiri--16.yüzyıl. |
| 9 (RLIN) | 124261 |
| 650 #0 - KONU BAŞLIĞI EK GİRİŞ - KONU TERİMİ | |
| Konusal terim veya coğrafi ad | El yazmaları. |
| 9 (RLIN) | 32292 |
| 650 #0 - KONU BAŞLIĞI EK GİRİŞ - KONU TERİMİ | |
| Konusal terim veya coğrafi ad | İnsan-hayvan ilişkileri--İslam ülkeleri--1800'lere kadar erken eserler. |
| 9 (RLIN) | 124262 |
| 650 #0 - KONU BAŞLIĞI EK GİRİŞ - KONU TERİMİ | |
| Konusal terim veya coğrafi ad | İslam ahlakı--1800'e kadar erken eserler. |
| 9 (RLIN) | 124263 |
| 650 #0 - KONU BAŞLIĞI EK GİRİŞ - KONU TERİMİ | |
| Konusal terim veya coğrafi ad | Şerefü'l-insan. |
| 9 (RLIN) | 124264 |
| 650 #0 - KONU BAŞLIĞI EK GİRİŞ - KONU TERİMİ | |
| Konusal terim veya coğrafi ad | İslam felsefesi. |
| 9 (RLIN) | 15838 |
| 650 #0 - KONU BAŞLIĞI EK GİRİŞ - KONU TERİMİ | |
| Konusal terim veya coğrafi ad | Islamic ethics--Early works to 1800. |
| 9 (RLIN) | 35770 |
| 650 #0 - KONU BAŞLIĞI EK GİRİŞ - KONU TERİMİ | |
| Konusal terim veya coğrafi ad | Animals--Religious aspects--Islam--Early works to 1800. |
| 9 (RLIN) | 124265 |
| 650 #0 - KONU BAŞLIĞI EK GİRİŞ - KONU TERİMİ | |
| Konusal terim veya coğrafi ad | Human-animal relationships--Islamic countries--Early works to 1800. |
| 9 (RLIN) | 124266 |
| 830 1# - SERİ EK GİRİŞİ - TEKBİÇİM ESER ADI | |
| Tekbiçim Başlık | Doğu dilleri ve edebiyatlarının kaynakları ; |
| Volume number/sequential designation | 101-102. |
| 9 (RLIN) | 85097 |
| 830 1# - SERİ EK GİRİŞİ - TEKBİÇİM ESER ADI | |
| Tekbiçim Başlık | Türkçe kaynakları ; |
| Volume number/sequential designation | 91-92 = |
| Tekbiçim Başlık | Sources of Oriental languages and literatures ; |
| Volume number/sequential designation | 101-102. |
| 9 (RLIN) | 124267 |
| 830 1# - SERİ EK GİRİŞİ - TEKBİÇİM ESER ADI | |
| Tekbiçim Başlık | Turkish sources ; |
| Volume number/sequential designation | 91-92 |
| 9 (RLIN) | 59454 |
| 907 ## - LOCAL DATA ELEMENT G, LDG (RLIN) | |
| a | Edebiyat |
| 942 ## - EK GİRİŞ ÖGELERİ (KOHA) | |
| Source of classification or shelving scheme | Library of Congress Classification |
| Koha item type | Book |
| Materyal Türü | Kalıcı Konum | Mevcut Konum | Raf Yeri | Sınıflandırma Kaynağı | Edinim Bilgisi | Ana Konular | Alt Konular | Yer Numarası | Cilt Bilgisi | Demirbaş Numarası | Fatura Tarihi | Geri Çekilme Durumu | Kayıp Durumu | Hasarlı Durumu | Kredi için değil | Kayıt Tarih | Toplam Ödünçverme | Son Görülme Tarihi | Son Kontrol Tarihi | Genel / Bağış Notu |
|---|---|---|---|---|---|---|---|---|---|---|---|---|---|---|---|---|---|---|---|---|
| Book | Prof. Dr. Azmi Özcan Kütüphanesi | Prof. Dr. Azmi Özcan Kütüphanesi | Birûni Salonu | Library of Congress Classification | Bağış | DİL VE EDEBİYAT | Doğu Asya, Afrika, Okyanusya Dilleri ve Edebiyatları | PL248.L35 S47 2011 | c.1 | 0065982 | 02/02/2026 | 04/03/2021 | 05/03/2025 | 05/03/2025 | Millet Kütüphanesi [Cumhurbaşkanlığı Külliyesi] | |||||
| Book | Prof. Dr. Azmi Özcan Kütüphanesi | Prof. Dr. Azmi Özcan Kütüphanesi | Birûni Salonu | Library of Congress Classification | Bağış | DİL VE EDEBİYAT | Doğu Asya, Afrika, Okyanusya Dilleri ve Edebiyatları | PL248.L35 S47 2011 | c.2 | 0065993 | 02/02/2026 | 04/03/2021 | 05/03/2025 | 05/03/2025 | Millet Kütüphanesi [Cumhurbaşkanlığı Külliyesi] |
